000 00377nam a2200145Ia 4500
008 231217s9999 xx 000 0 und d
041 _aEnglish
082 _a510.02462 SUD.2
100 _aSudha Publications
245 0 _aElements of engineering mathematics V.2
260 _c1995
_bSudha Publications
300 _a34
650 _aEngineering mathematics
942 _cAA
999 _c164469
_d164469